banner-ar

قصة الامم المتحدة / (Record no. 35253)

MARC details
000 -الفاتح
حقل البيانات ثابتة الطول 00633nam a2200205Ia 4500
008 - عناصر البيانات ثابتة الطول - معلومات عامة
حقل البيانات ثابتة الطول 140319s9999 xx 000 0 ara d
040 ## - مصدر الفهرسة
وكالة الفهرسة الأصلية GCL /
وكالة النسخ GCL
082 04 - رقم تصنيف ديوى العشرى
رقم التصنيف 341.23
رقم المادة ك ق
100 1# - المدخل الرئيسى - إسم شخصى
الإسم الشخصى كنوورذى , ليوناردس
245 10 - بيان العنوان
العنوان قصة الامم المتحدة /
بيان المسئوليه,etc كنوورذى , ليوناردس
700 1# - المدخل الاضافى - اسم شخصى
الإسم الشخصى سلامة حماد(مراجع)
700 1# - المدخل الاضافى - اسم شخصى
الإسم الشخصى محمد ابراهيم زكى
260 ## - PUBLICATION, DISTRIBUTION, ETC. (IMPRINT)
تاريخ النشر أو التوزيع 1964
300 ## - الوصف المادى
التعداد 278 ص
490 ## - بيان السلسلة
عنوان السلسلة
650 04 - المدخل الاضافى بالموضوع-مصطلح موضوعى
مصطلح موضوعي الامم المتحدة
650 04 - المدخل الاضافى بالموضوع-مصطلح موضوعى
مصطلح موضوعي المنظمات الدولية
942 ## - عناصر المدخل الإضافي( كوها)
مصدر التصنيف او مخطط الترفيف Dewey Decimal Classification
Koha [default] item type كتاب
260 ## - PUBLICATION, DISTRIBUTION, ETC. (IMPRINT)
-- [S.N] :
-- مؤسسة سجل العرب ،
Holdings
حالة التراجع حالة الفقد حالة تلف ليس للاعارة المكان المؤقت الموقع الحالى تاريخ الاكتساب اجمالي اﻻعارات رقم الطلب الباركود تاريخ اخر مشاهدة تاريخ تفعيل السعر نوع وعاء كوها
        مكتبة القاهرة الكبرى مكتبة القاهرة الكبرى 03/26/2014   341.23\ك ق 85776 03/26/2014 03/26/2014 كتاب
        مكتبة القاهرة الكبرى مكتبة القاهرة الكبرى 03/26/2014   341.23\ك ق 85777 03/26/2014 03/26/2014 كتاب
        مكتبة القاهرة الكبرى مكتبة القاهرة الكبرى 03/26/2014   341.23\ك ق 85778 03/26/2014 03/26/2014 كتاب

Powered By

EGPV